00643nam a2200217Ia 4500003000900000008004100009040001300050040001300063041000800076100001700084245003700101250001100138260001700149260000900166300001100175300001000186490000600196942000700202999001700209952019900226IT-RoPAU120407s9999 xx 000 0 und d aIT-RoPAU cIT-RoPAU aeng aJosef Pieper 4aThe Human Wisdom of St. Thomas.  aLondon aSheed & Ward c1948 a111 p. c21 cm v1 cBK c24403d24403 00102ddc406104_23000000000000071aPAULUSbPAULUSd2012-04-11l0o104.23r2012-04-11 00:00:00w2012-04-11yBKzInserito da: Mario In data: 19 settembre 2011 fondo: Via A.Severo 56 Progr:35098